Tvorba a výber učiva : vzdelávacie štandardy /

Hlavní autor: Turek, Ivan
Jazyk: Slovenština
Vydáno: Bratislava : Metodické centrum, 1996
Vydání: 1. vyd.
Témata:
Fyzický popis: 59 s. ; 21 cm
Knihy
Uloženo v:
LEADER 00800nam a2200253 a 4500
001 000098491
003 CZ BrMZK
005 20020522081949.0
008 960707s1996 xo f slo d
020 |a 80-88796-34-2 
040 |a BOA001  |b cze 
080 |a 371.214  |2 MRF 
100 1 |a Turek, Ivan  |7 jk01140441  |4 aut 
245 1 0 |a Tvorba a výber učiva :  |b vzdelávacie štandardy /  |c [autor:] Ivan Turek 
250 |a 1. vyd. 
260 |a Bratislava :  |b Metodické centrum,  |c 1996 
300 |a 59 s. ;  |c 21 cm 
500 |a Bibliogr. s. 57-59. - Rozmn. 
653 0 |a kurikula 
910 |a BOA001  |b PK-0126.141 
964 |a Učivo  |x standardy 
964 |a Učivo základní  |x výběr 
990 |a BK 
996 7 |b 3119005362  |c PK-0126.141  |l MZK  |r Sklad / do 1 hodiny  |n 8  |p vým  |w 000098491  |u 000010  |a 1  |e BOA001  |j MZK50  |s A